[Event "Guaira op 2nd"]
[Site "Guaira"]
[Date "2016.11.05"]
[Round "2"]
[White "Polido, Amanda Carvalho"]
[Black "Coelho, Jesus Manoel Galleg"]
[Result "0-1"]
[WhiteElo "1839"]
[BlackElo "1830"]
[PlyCount "50"]
[EventDate "2016.11.04"]
[EventType "swiss"]
[EventRounds "6"]
[EventCountry "BRA"]
[SourceTitle "CBM 175 Extra"]
[Source "ChessBase"]
[SourceDate "2016.12.12"]
[SourceVersion "1"]
[SourceVersionDate "2016.12.12"]
[SourceQuality "1"]

1. e4 e5 2. Nf3 Nf6 3. Nxe5 d6 4. Nf3 Nxe4 5. Bc4 d5 6. Qe2 Be6 7. d3 Nf6 8. Bb3 Be7 9. 0-0 0-0 10. Re1 Re8 11. Nbd2 Nc6 12. Nf1 a5 13. Ng3 a4 14. Bxd5 Bxd5 15. Qd1 Bc5 16. Rxe8+ Qxe8 17. Bd2 Qd7 18. c4 Bxf3 19. Qxf3 Rd8 20. Bc3 Bd4 21. Rc1 Ng4 22. Bxd4 Qxd4 23. Rc3 Nce5 24. Qxb7 Qxf2+ 25. Kh1 Qe1+ 0-1